000 00739nam a2200217Ia 4500
005 20241129110027.0
008 241129s9999||||xx |||||||||||||| ||und||
020 _a978-1-00-901308-6
037 _aTB
040 _aARTS
_beng
_cARTS
041 _aeng
_2eng
084 _aS:52g R3(RR)
_qARTS
100 _aLveevic Zorana Ed.; Hoffmann Jessica D. Ed.; Kaufman James C. Ed.
_9726945
245 0 _aCambridge handbook of creativity and emotions
_cLveevic Zorana Ed.; Hoffmann Jessica D. Ed.; Kaufman James C. Ed.
260 _aCambridge, UK
_bCambridge University Press
_c2020
300 _axv,658p.
365 _aUKP
_b54.99
650 _aPsychologyEmotions
_9726946
942 _cTB
_hS:52g R3(RR)
999 _c1227049
_d1227049